Statistics for Spanish Slang

Click here to take the quiz!

General Stats

  • This quiz has been taken 11 times
  • The average score is 2 of 33

Answer Stats

Country/Region of OriginEspañol (slang)English% Correct
MexicoSaleAlright
44%
ColombiaQué más/Qué huboWhat's up
33%
ColombiaMonoBlonde
22%
MexicoÁndaleCome on
22%
ArgentinaComo va/Qué ondaWhat's up
22%
ColombiaPolasBeers
11%
MexicoNoombreNo way
11%
ColombiaRumbaParty
11%
ArgentinaDar bolaPay attention
11%
MexicoAguasWatch out
11%
MexicoÓrale (also all right)Awesome
0%
ColombiaPilasBe careful
0%
ArgentinaOjoBe careful
0%
GuatemalaChiveadoBlushed
0%
ArgentinaBondiBus
0%
ArgentinaGarcaCheater
0%
ArgentinaPilchaClothes
0%
GuatemalaCalidá/Que chileroCool
0%
GuatemalaMulaDumb
0%
ColombiaGasEw
0%
ArgentinaTrucho/aFake
0%
MexicoChaleGive me a break
0%
ColombiaCamelloHeavy work
0%
ColombiaQué boletaHow embarrassing
0%
GuatemalaPizadoIdiot
0%
MexicoFresaSpolied brat
0%
MexicoSangrónStuck up
0%
ArgentinaTachoTaxi
0%
GuatemalaChavo/aTeenager
0%
ColombiaLos tombosThe police
0%
ArgentinaLa canaThe police
0%
MexicoMandeWhat did you say
0%
Dominican RepublicQue lo queWhat's up
0%

Score Distribution

Percentile by Number Answered

Percent of People with Each Score

Your Score History

You have not taken this quiz